000 00889cam a2200289 a 4500
005 20260322212039.0
008 data
010 _a 99201983
015 _aGB99-31065
020 _a0761963324
020 _a0761963332 (pbk.)
020 _a9780761963325
020 _a9780761963332 (pbk.)
040 _aUk
_cDLC
_dDGU
_dIXA
_dDGU
042 _alccopycat
050 0 0 _aHV41
_b.T743 1999
096 _aW 85 T743 1999
100 1 _aTrotter, Chris.
245 1 0 _aWorking with involuntary clients :
_ba guide to practice /
_cChris Trotter.
260 _aThousand Oaks, Calif. :
_aThousand Oaks, Calif. :
_bSage,
_c1999.
300 _aviii, 165 p. ;
_c23 cm.
504 _aIncludes bibliographical references (p. 154-162) and index.
590 _aIncludes bibliographical references (p. 154-162) and index.
650 0 _aSocial service.
650 0 _aInvoluntary treatment.
001 data
999 _c913
_d913